00689 2200277 4500001002100000008004100021035002000062245005000082100001300132260003100145300002100176020002200197084001900219082001000238650002300248990001400271990001400285990001400299990001400313990001400327990001400341990001400355990001400369990001400383990001400397INLIS000000000000811 ind  a0010-0426000008 aMandiri Plus Kimia SMA/MA Kelas XIIcSoedjono aSoedjono aJakarta :bErlangga,c2025 a154 hlm.c25 cm. a978-623-522-318-6 a540.7 SOE m-11 a540.7 aPendidikan - Kimia a000001493 a000001494 a000001495 a000001496 a000001497 a000001498 a000001499 a000001500 a000001501 a000001502